000 00446nam a2200169Ia 4500
008 130318s9999 xx 000 0 und d
020 _a9789381269220
082 _a004.22 HEN/C
100 _aHennessy, John L
245 _aComputer architecture: A quantitative approach
250 _a5
260 _bElsevier
_aNew Delhi
_c2012
300 _a493
650 _aCOMPUTER NETWORKS
650 _aVECTOR ARCHITECTURE
700 _aPatterson, David A
999 _c2361
_d2361